| Tag |
First Indicator |
Second Indicator |
Subfields |
| LEADER |
00000cam a2200000 a 4500 |
| 001 |
in00001077621 |
| 005 |
20220103134347.0 |
| 007 |
cr unu a |
| 008 |
920521s1991 xx b 000 0 eng d |
| 035 |
|
|
|9 AFQ0560AM
|
| 035 |
|
|
|a (OCoLC)25855317
|
| 040 |
|
|
|a TXA
|c TXA
|d UtOrBLW
|
| 049 |
|
|
|a TXAZ
|
| 099 |
|
|
|a 1991
|a Thesis
|a L123
|
| 100 |
1 |
|
|a Laboso, Alphonse Kibii,
|d 1956-
|
| 245 |
1 |
0 |
|a Reaction of maize (Zea mays L.) inbreds to Sorghum Yellow Banding Virus /
|c by Alphonse Kibii Laboso.
|
| 264 |
|
1 |
|a [Place of publication not identified] :
|b [publisher not identified] ;
|c 1991.
|
| 300 |
|
|
|a xii, 49 leaves ;
|c 29 cm.
|
| 336 |
|
|
|a text
|b txt
|2 rdacontent
|
| 337 |
|
|
|a computer
|b c
|2 rdamedia
|
| 338 |
|
|
|a online resource
|b cr
|2 rdacarrier
|
| 500 |
|
|
|a "Major subject: Plant Breeding."
|
| 500 |
|
|
|a Typescript (photocopy).
|
| 500 |
|
|
|a Vita.
|
| 502 |
|
|
|b M.S.
|c Texas A&M University
|d 1991.
|
| 504 |
|
|
|a Includes bibliographical references.
|
| 530 |
|
|
|a Also available online.
|
| 650 |
|
0 |
|a Corn
|x Disease and pest resistance
|x Genetic aspects.
|
| 650 |
|
0 |
|a Sorghum
|x Diseases and pests.
|
| 650 |
|
4 |
|a Major plant breeding.
|
| 856 |
4 |
1 |
|u https://hdl.handle.net/1969.1/ETD-TAMU-1991-THESIS-L123
|z Link to OAKTrust copy
|t 0
|
| 999 |
|
|
|a MARS
|
| 999 |
f |
f |
|s 01742de1-167b-3766-a77a-a10e5da11b5d
|i 18c29422-7499-3370-a07b-4438537d3e90
|t 0
|
| 952 |
f |
f |
|p noncirc
|a Texas A&M University
|b J.J. Pickle Campus
|c High Density Repository
|s HDR
|d Remote Storage
|t 0
|e 1991 Thesis L123
|h Other scheme
|i computer -- online resource
|m A14839612051
|
| 952 |
f |
f |
|a Texas A&M University
|b College Station
|c Electronic Resources
|s www_evans
|d Available Online
|t 0
|e 1991 Thesis L123
|h Other scheme
|
| 998 |
f |
f |
|a 1991 Thesis L123
|t 0
|l Remote Storage
|
| 998 |
f |
f |
|a 1991 Thesis L123
|t 0
|l Available Online
|